Powiaty województwa zachodniopomorskiego - quiz na mapie - Statystyki

Ogólne statystyki
  • Ten quiz został rozwiązany 2 096 razy
  • Średni wynik to 12 z 21
Odpowiedzi na mapie
Odpowiedzi zakodowano w zielono-czerwonej skali na mapie do tego quizu, zgodnie z poniższymi procentami.
 
Statystyki odpowiedzi
Odpowiedź % Poprawnych
Szczecin
87%
Świnoujście
82%
Koszalin
81%
Koszaliński
78%
Kołobrzeski
73%
Policki
64%
Kamieński
59%
Stargardzki
59%
Goleniowski
55%
Sławieński
55%
Szczecinecki
55%
Wałecki
50%
Gryficki
48%
Gryfiński
47%
Myśliborski
47%
Białogardzki
46%
Pyrzycki
43%
Drawski
42%
Choszczeński
40%
Łobeski
39%
Świdwiński
38%
Nie znaleziono quizów pasujących do podanych kryteriów
Rozkład punktacji
Procent ludzi z każdym wynikiem
Percentyl według liczby udzielonych odpowiedzi
Twoja historia wyników
Nie rozwiązałeś tego quizu